| 000 | 00578nam a2200169Ia 4500 | ||
|---|---|---|---|
| 003 | GCL | ||
| 008 | 140319s9999 xx 000 0 ara d | ||
| 040 |
_aGCL / _cGCL |
||
| 082 | 0 | 4 |
_a484 _bم ت |
| 100 | 1 | _aمؤيد الكيلانى | |
| 245 | 1 | 0 |
_aالترجمان الفرنسى: لتعليم اللغة الفرنسية بدون معلم / _cمؤيد الكيلانى |
| 260 |
_a[S.N] : _bلجنة الاعلام والدراسات المستقبلية ، _c1991 |
||
| 300 | _a126 ص | ||
| 650 | 0 | 4 | _aاللغة الفرنسية |
| 650 | 0 | 4 | _aتعليم |
| 942 |
_2ddc _cREF |
||
| 999 |
_c59383 _d59383 |
||